Shortest International Borders - Statistics

General Stats
  • This quiz has been taken 3,348 times
    2,093 since last reset
  • The average score is 13 of 20
Answer Stats
km Answer Miles % Correct
3.2 Vatican City 1.9
97%
Italy
96%
39 Italy 24.2
96%
San Marino
96%
5.47 France 3.40
92%
Monaco
92%
Liechtenstein
83%
41 Liechtenstein 25.4
83%
Switzerland
81%
34.9 Austria 21.6
80%
Russia
70%
19 North Korea 11.8
63%
0.15 Botswana 0.09
45%
Zambia
45%
17 Turkey 11
39%
Azerbaijan
36%
35 Armenia 21.7
34%
Iran
34%
25 Croatia 15.5
27%
Montenegro
26%
No matching quizzes found
Score Distribution
Percent of People with Each Score
Percentile by Number Answered
Your Score History
You have not taken this quiz since the last reset